Champions of Freedom the Ludwig von Mises Lecture Series: Antitrust Policy in Free Society
Gespeichert in:
| Format: | Buch |
|---|---|
| Sprache: | Englisch |
| Veröffentlicht: |
Hillsdale
College Press
1986
|
| Ausgabe: | 1. ed. |
| Schlagworte: | |
| Tags: |
Keine Tags, Fügen Sie das erste Tag hinzu!
|
MARC
| LEADER | 00000nam a2200000 4500 | ||
|---|---|---|---|
| 001 | c002854 | ||
| 005 | 20221220073459.1 | ||
| 041 | 0 | |a eng | |
| 044 | |a US | ||
| 245 | 1 | 0 | |a Champions of Freedom the Ludwig von Mises Lecture Series: Antitrust Policy in Free Society |
| 250 | |a 1. ed. | ||
| 264 | 1 | |a Hillsdale |b College Press |c 1986 | |
| 300 | |a 97 s. | ||
| 610 | 2 | 0 | |a politika protimonopolná |
| 610 | 2 | 0 | |a monopoly |
| 610 | 2 | 0 | |a nafta |
| 610 | 2 | 0 | |a fúzie |